| 000 | 00699nam a22001937a 4500 | ||
|---|---|---|---|
| 999 |
_c7415 _d7415 |
||
| 005 | 20211122144119.0 | ||
| 008 | 211122b ||||| |||| 00| 0 eng d | ||
| 020 | _a9788408249184 | ||
| 040 | _aCDMR | ||
| 100 |
_94714 _aLafuente, Isaías |
||
| 245 |
_aClara Victoria: _bla crónica del debate que cambió la historia de las mujeres _c/ Isaías Lafuente; [Helena Pérez García ilustradora] |
||
| 260 |
_aBarcelona: _bPlaneta, _c2021 |
||
| 300 |
_a281 pàgines : _bil·lustracions; _c26 cm |
||
| 600 | 0 |
_94717 _aCampoamor, Clara |
|
| 600 | 0 |
_94718 _aKent, Victoria |
|
| 650 | 0 |
_92913 _aDones periodistes _zEspanya _xBiografia |
|
| 650 | 0 |
_94715 _aDones _xSufragi _zEspanya _ySegle XX |
|
| 942 |
_2udc _cMON |
||